صحا فت ا و ر صحا فی (Record no. 167745)

MARC details
000 -LEADER
fixed length control field 00690nam a22001937a 4500
005 - DATE AND TIME OF LATEST TRANSACTION
control field 20190918132014.0
010 ## - LCCN (DPL NO)
LC control number UR-10474
020 ## - INTERNATIONAL STANDARD BOOK NUMBER
Terms of availability 300.00
International Standard Book Number -
035 ## - SYSTEM CONTROL NUMBER
System control number U-9029
037 ## - SOURCE OF ACQUISITION
Source of stock number/acquisition DBAD/PUB
Stock number 9789387248137
082 ## - DEWEY DECIMAL CLASSIFICATION NUMBER
Classification number 440.9
100 ## - MAIN ENTRY--PERSONAL NAME
Personal name سيد فضل اللہ مکر م
245 ## - TITLE STATEMENT
Title صحا فت ا و ر صحا فی
Statement of responsibility, etc سيد فضل اللہ مکر م
246 ## - VARYING FORM OF TITLE
Remainder of title Sahafat Aur Sahafi Urdu)
Title proper/short title by Syed Fazalullah Mukaram
260 ## - PUBLICATION, DISTRIBUTION, ETC. (IMPRINT)
Place of publication, distribution, etc Hyderabad
Name of publisher, distributor, etc Tanveer Publishers
Date of publication, distribution, etc 2017ء
270 ## - ADDRESS
Address #116837,2nd floor Sana Apartment Red Hills ,
City Hyderabad ,Telangana
Postal code 500004
Telephone number 917207838273
Fax number -
300 ## - PHYSICAL DESCRIPTION
Extent 246 ص
Dimensions 22 Cm(Hb)
942 ## - ADDED ENTRY ELEMENTS (KOHA)
Source of classification or shelving scheme Dewey Decimal Classification
Item type Urdu Bks
Classification part 440.9
Call number suffix س ی د
Holdings
Withdrawn status Lost status Not for loan Collection code Home library Current library Date acquired Source of acquisition Cost, normal purchase price Full call number Barcode Copy number Cost, replacement price Koha item type
      Non-fiction Central Library Central Library 18/09/2019 DBAD/PUB 300.00 440.9 س ی د U-9029 1 300.00 Urdu Bks

© Delhi Public Library
Hit Counter
free hit counter